000 01202nam2a22002651 4500
001 RU\NLR\INFOCOMM10\1000268392
005 20250617141552.0
035 _a(NLR Aleph) 002655966
090 _a3913424
_c3913424
100 _a20040719d1965 |||y0rusy50 ca
101 0 _arus
102 _aRU
105 _ay |||||||||
200 1 _aОпыт эксплуатации пластмассовых подшипников скольжения для строительных и грузоподъемных машин
_fЮ.А. Евдокимов
210 _d1965
_aБ. м.
225 1 _aТема 1
_vВып.36
461 0 _1001RU\NLR\INFOCOMM10\1000264961
_12001#$aПередовой научно-технический и производственный опыт$fГос. Ком. Совета Министров РСФСР по координации науч.-исслед. работ. Гос. Науч.-исслед. ин-т науч. и техн. информации$v1965, №1-65-1677
700 1 _aЕвдокимов
_bЮ.А.
_4070
801 1 _aRU
_bInfoComm
_c20040719
801 0 _aRU
_bNLR
_gPSBO
852 _aNLR
_jП11/2295
942 _cISSUE
980 _aNB
980 _aRUSPER